World Capitals further East than all their Countries' Tripoints - Statistics

General Stats
  • This quiz has been taken 25 times
  • The average score is 8 of 15
Answer Stats
# Capital % Correct
1 C{airo}
79%
2 Mogadishu
79%
9 Brasilia
75%
1 M{ontevideo}
75%
1 B{elmopan}
58%
1 T{unis}
58%
2 Muscat
54%
1 T{egucigalpa}
54%
7 Dodoma
50%
1 R{abat}
42%
2 Chisinau
38%
2 Djibouti
33%
1 K{uwait City}
29%
1 S{an Salvador}
25%
2 Lome
4%
No matching quizzes found
Score Distribution
Percent of People with Each Score
Percentile by Number Answered
Your Score History
You have not taken this quiz